000
00354nam a2200109 4500
008
b xx# fre u
040
_a
LB-BrCRDP
082
1
_a
027.8
_b
POU
245
1
0
_a
Guide à l'usage des documentalistes et de leurs partenaires dans l'établissement
_c
Michel Poupelin
942
_c
BK
999
_c
9433
_d
9433